000 01827nam a2200241Ia 4500
008 260220t1976||||xx |||||||||||||| ||spa||
040 _aPY-SlUNAC
_bspa
_erda
041 _aspa
082 _a552
_bT159f
100 _aTantillo, Domenico
_eAutor
245 0 _aEl futuro del petróleo :
_bhacia la búsqueda de nuevas fuentes de energía /
_cpor Domenico Tantillo [Autor]
264 _aMadrid :
_bIndet,
_c℗1976.
300 _a1 volumen
520 _aEn "El futuro del petróleo", Domenico Tantillo explora la creciente preocupación por la dependencia global del petróleo como fuente principal de energía, destacando sus implicaciones económicas, políticas y medioambientales. Publicado en 1976, el autor analiza la crisis del petróleo y sus efectos en la economía mundial, así como la necesidad urgente de diversificar las fuentes energéticas. Tantillo argumenta que la búsqueda de alternativas sostenibles se vuelve esencial para mitigar el impacto del agotamiento de los recursos fósiles y las tensiones geopolíticas asociadas. A través de un enfoque crítico, el libro examina tecnologías emergentes y energías renovables, sugiriendo que la innovación y la inversión en investigación son cruciales para un futuro energético más sostenible. Además, el autor plantea la importancia de la cooperación internacional para enfrentar estos desafíos, abogando por políticas que fomenten un cambio hacia fuentes de energía más limpias y eficientes, con el objetivo de garantizar un desarrollo sostenible para las futuras generaciones.
653 _aEnergía
653 _aFuturo energético
653 _aRecursos energéticos
942 _b2026/02/17
_cBK
999 _c8086
_d8086